00415nam a2200145Ia 4500008004100000082000900041100001800050245002200068260001800090630002200108730002200130942000900152999001900161952008900180100328s9999 xx 000 0 und d b1709 aFender P.G.H. aAn ABC Of Cricket bArthur Barker aAn ABC Of Cricket aAn ABC Of Cricket cBOOK c497962d497959 00104070aRNVbRNVd2010-03-28l0pRNV-1709r2010-03-28 00:00:00w2010-03-28yBOOK